[Event "Kretsmesterskap  i lagsjakk for Troms og"]
[Site "Hotell Thon - Arena Hall"]
[Date "2025.02.02"]
[Round "5"]
[White "Åkre, Jonathan S."]
[Black "Magnussen, Einar"]
[Result "0-1"]
[WhiteElo "1461"]
[BlackElo "1577"]
[PlyCount "60"]
[EventDate "2025.??.??"]

1. e4 c6 2. d4 d5 3. exd5 cxd5 4. Bf4 Nc6 5. c3 Nf6 6. Nf3 Bg4 7. h3 Bxf3 8.
Qxf3 e6 9. Bd3 Bd6 10. O-O Bxf4 11. Qxf4 Rc8 12. Na3 a6 13. Nc2 O-O 14. Ne3 Na5
15. Be2 b5 16. Rac1 Qe7 17. Ng4 Nxg4 18. hxg4 Nc4 19. Bxc4 Rxc4 20. g3 Rfc8 21.
Kg2 h6 22. Rh1 a5 23. b3 Rxc3 24. Rxc3 Rxc3 25. Qb8+ Kh7 26. Qxb5 Qd8 27. Qb7
Qf6 28. Qa7 Qf3+ 29. Kh2 Qxf2+ 30. Kh3 Qxg3# 0-1

[Event "Kretsmesterskap  i lagsjakk for Troms og"]
[Site "Hotell Thon - Arena Hall"]
[Date "2025.02.02"]
[Round "4"]
[White "Åkre, Jonathan"]
[Black "Wintervold, Ask"]
[Result "1/2-1/2"]
[WhiteElo "1461"]
[BlackElo "1527"]
[PlyCount "74"]
[EventDate "2025.??.??"]

1. d4 Nf6 2. Bf4 c6 3. Nf3 d5 4. e3 Bf5 5. Bd3 Bxd3 6. Qxd3 e6 7. Nbd2 Bd6 8.
Bg3 Qc7 9. c3 Nbd7 10. Bxd6 Qxd6 11. c4 b6 12. Qc3 O-O 13. Ne5 a5 14. a4 c5 15.
Nxd7 Nxd7 16. Nb3 dxc4 17. Qxc4 cxd4 18. Qxd4 Qxd4 19. Nxd4 Rac8 20. Kd2 Nc5
21. Ke2 Nb7 22. Rhc1 Rxc1 23. Rxc1 Nc5 24. f3 Nxa4 25. Rc2 g6 26. Nc6 Kg7 27.
b3 Nc5 28. Nxa5 bxa5 29. Rxc5 Rb8 30. Rxa5 Rxb3 31. f4 h5 32. h3 f5 33. h4 Kf6
34. g3 Rb2+ 35. Kf3 Rc2 36. Re5 Ra2 37. Rb5 Rd2 1/2-1/2

[Event "Kretsmesterskap  i lagsjakk for Troms og"]
[Site "Hotell Thon - Arena Hall"]
[Date "2025.01.31"]
[Round "1"]
[White "Åsvang, Jon F."]
[Black "Olsen, Alex B."]
[Result "1-0"]
[WhiteElo "2006"]
[BlackElo "1589"]
[PlyCount "71"]
[EventDate "2025.??.??"]

1. c4 d6 2. Nc3 Nf6 3. d4 g6 4. g3 Bg7 5. Bg2 Nc6 6. Nf3 Bf5 7. d5 Nb8 8. Nd4
Bd7 9. O-O c5 10. Nc2 Qc8 11. h4 Bh3 12. e4 Bxg2 13. Kxg2 Nbd7 14. f4 a6 15.
Re1 O-O 16. e5 dxe5 17. fxe5 Ne8 18. Bf4 Nc7 19. Qe2 b5 20. Rad1 Qb7 21. b3
Rad8 22. Kg1 Qb6 23. Qd3 Rfe8 24. Rd2 Rf8 25. Rde2 Rfe8 26. Rh2 Rf8 27. h5 Rc8
28. Kg2 gxh5 29. Rxh5 Qg6 30. Qe2 Rfe8 31. Rg5 Qb6 32. Qg4 Kh8 33. Rxg7 Rg8 34.
Rxh7+ Kxh7 35. Rh1+ Qh6 36. Rxh6# 1-0

[Event "Kretsmesterskap  i lagsjakk for Troms og"]
[Site "Hotell Thon - Arena Hall"]
[Date "2025.02.02"]
[Round "5"]
[White "Åsvang, Jon F."]
[Black "Solbu, August"]
[Result "1-0"]
[WhiteElo "2006"]
[BlackElo "1917"]
[PlyCount "114"]
[EventDate "2025.??.??"]

1. Nc3 c5 2. Nf3 g6 3. d4 cxd4 4. Qxd4 Nf6 5. e4 Nc6 6. Qa4 d6 7. e5 dxe5 8.
Nxe5 Bd7 9. Nxd7 Nxd7 10. Be3 Bg7 11. Rd1 O-O 12. g3 Bxc3+ 13. bxc3 Qc7 14. Bg2
Rfd8 15. O-O Rac8 16. Rd2 Nde5 17. Rfd1 Rxd2 18. Rxd2 Rd8 19. Qb5 Rxd2 20. Bxd2
Qd7 21. Qd5 Qxd5 22. Bxd5 e6 23. Bg2 Nc4 24. Bc1 Kf8 25. Kf1 Ke7 26. Ke2 Kd6
27. Bh6 Kc7 28. Bf8 N6e5 29. f4 Ng4 30. h3 Nge3 31. Be4 Nd5 32. Kd3 Nd6 33. Bf3
Nf5 34. c4 Nf6 35. g4 Nd7 36. Bb4 Nd6 37. Kd4 b6 38. a4 e5+ 39. Kd5 Nb7 40.
fxe5 Nbc5 41. a5 Ne6 42. Bd6+ Kb7 43. a6+ Kxa6 44. Kc6 Nb8+ 45. Bxb8 Nd4+ 46.
Kd7 Nxf3 47. Ke7 Kb7 48. Bd6 Kc6 49. Kxf7 Ng5+ 50. Kf6 Ne4+ 51. Ke7 a5 52. Ba3
h5 53. e6 h4 54. Kf8 Nf6 55. Kf7 Nxg4 56. hxg4 h3 57. e7 h2 1-0

[Event "Kretsmesterskap  i lagsjakk for Troms og"]
[Site "Hotell Thon - Arena Hall"]
[Date "2025.02.01"]
[Round "3"]
[White "Åsvang, Jon F."]
[Black "Tørfoss, Sivert S."]
[Result "1/2-1/2"]
[WhiteElo "2006"]
[BlackElo "2107"]
[PlyCount "81"]
[EventDate "2025.??.??"]

1. b3 e5 2. Bb2 Nc6 3. e3 d5 4. Bb5 Nge7 5. Bxe5 a6 6. Bxc6+ Nxc6 7. Bb2 Qg5 8.
Qf3 Bg4 9. Qg3 Bd6 10. f4 Qf5 11. d3 O-O-O 12. h3 Bh5 13. Qg5 Qxg5 14. fxg5
Bg3+ 15. Kf1 Rhe8 16. Ne2 Bxe2+ 17. Kxe2 Bf4 18. Kf3 Bxe3 19. Bxg7 Bd4 20. Bxd4
Nxd4+ 21. Kg4 Nxc2 22. Nc3 Nxa1 23. Rxa1 Re3 24. Rd1 c6 25. Rd2 Rde8 26. h4 Kd7
27. Kh5 b5 28. Kh6 R3e6+ 29. Kxh7 R8e7 30. Kg8 Rg6+ 31. Kh7 Rge6 32. Kg8 Ke8
33. Rf2 Rg6+ 34. Kh7 Kf8 35. Ne2 Ree6 36. Nf4 Rg7+ 37. Kh8 Rg8+ 38. Kh7 Rg7+
39. Kh8 Rg8+ 40. Kh7 Rg7+ 41. Kh8 1/2-1/2